Datum a čas kvízu
11.5
Celkem bodů
Celkový počet nahraných bodů na tomto kvízu bez doplňovacích otázek.
6.
Pořadí na kvízu
Konečné umístění týmu na tomto kvízu.
Zaznamenané odpovědi
| # | Otázka | Odpověď | Body | Výsledky |
|---|---|---|---|---|
| 1. | Jak se jmenuje politik, který... | Marian Jurečka | 0 | |
| 2. | Na Slovensku byl přetřásán stř... | Ministerstvo životního prostředí | 0 | |
| 3. | Nejvíce nominací na hudební Ce... | Vladimír Mišík | 0 | |
| 4. | Do švýcarského městečka Davos... | Světové ekonomické fórum (WEF) | 0 | |
| 5. | Čínská tenistka Wang Čhiang, 2... | Serenu Williamsovou | 1 | |
| 6. | Jelikož se o ostrovech zmiňuje... | D) zaťatou pěst se vztyčeným ukazováčkem | 0 | |
| 7. | Nyní se podíváme na souostroví... | Země Františka Josefa | 0 | |
| 8. | Obcí, částí obcí či měst s náz... | Ostrov nad Ohří | 0 | |
| 9. | Ostrovid je druhové jméno jist... | rys | 1 | |
| 10. | Jak se jmenoval německý patolo... | Paul Langerhans | 0 |